| 000 | 00910nam a2200265 i 4500 | ||
|---|---|---|---|
| 001 | 93067 | ||
| 003 | ES-MaACL | ||
| 005 | 20250815121257.0 | ||
| 007 | t| | ||
| 008 | 050407s1972 sp af ||||1| spa d | ||
| 080 | _a74 Barjola, Juan | ||
| 080 | _a75 Barjola, Juan | ||
| 100 | 1 |
_aBarjola, Juan. _925668 |
|
| 245 | 1 | 0 |
_aDibujos de Barjola / _cpor Miguel Logroño. |
| 250 | _a1ª ed. | ||
| 260 |
_aMadrid : _bIbérico Europea de Ediciones, _ccop. 1972. |
||
| 300 |
_a[32] p. : _bprincipalmente il. bl. y n. ; _c31 cm. |
||
| 490 | 1 |
_aCuadenos de arte. Maestros contemporáneos del dibujo y la pintura ; _v20 |
|
| 600 | 0 | 4 |
_aBarjola, Juan. _925668 |
| 700 | 0 |
_aLogroño, Miguel. _973129 |
|
| 830 | 0 | 0 |
_aMaestros contemporáneos del dibujo y la pintura _v20 _9190405 |
| 852 |
_aES-MaACL _j2276-F-15 _xOlim C-43962 |
||
| 852 |
_aES-MaACL _jE-14687 (10) _xOlim P-1071 |
||
| 999 |
_c93067 _d93067 |
||